000 00497nmm a2200169Ia 4500
008 251105s9999||||xx |||||||||||||||||und||
020 _a9788425227271
041 _aspa
100 _aUdale, Jenny
245 0 _aDiseño textil. Tejidos y técnicas
264 _a[Madrid, España] :
_bEditorial Gustavo Gili,
_c2014
300 _a200 páginas
490 _aManuales de diseño de moda
650 _aDesign and fashion
856 _uhttps://public.digitaliapublishing.com/a/41716
942 _cCF
999 _c80287
_d80287